| 000 | 00686npc a2200205Ia 4500 | ||
|---|---|---|---|
| 001 | dg79-36091 | ||
| 003 | IT-MiCISF | ||
| 008 | 161014s9999||||xx | und|| | ||
| 040 |
_aIT-MiCISF _cIT-MiCISF |
||
| 041 | _ait | ||
| 100 | _aAA.VV. | ||
| 245 | 0 | _aI numeri europei | |
| 250 | _a1a ed. | ||
| 260 |
_a Firenze _bIstituto degli Innocenti _c2002 |
||
| 300 | _app. 118 | ||
| 500 | _aCentro nazionale di documentazione e analisi per l'infanzia e l'adolescenza / popolazione, fasce-di-età, natalità, nuzialità, aborto, mortalità, aids, infanzia, comparazione, scuola, suicidio, tossicodipendenza / | ||
| 650 | _apopolazione | ||
| 942 | _cDD | ||
| 957 | _71 | ||
| 999 |
_a36091 _bsi _g1 _c207170 _d207170 |
||